Bases estabilizadas con cemento Portland Tipo I Normal y Tipo I MP y con diferentes energías de compactación
Đã lưu trong:
| Tác giả chính: | |
|---|---|
| Tác giả khác: | |
| Định dạng: | Sách |
| Được phát hành: |
San José, Costa Rica
2001
|
| Những chủ đề: | |
| Các nhãn: |
Thêm thẻ
Không có thẻ, Là người đầu tiên thẻ bản ghi này!
|
MARC
| LEADER | 00000nam a2200000Ia 4500 | ||
|---|---|---|---|
| 003 | 008772 | ||
| 005 | 20240819154054.0 | ||
| 008 | 140114s2001 cr a m 000 ||s d | ||
| 040 | |c cru CEDI | ||
| 090 | |a TFG 4342 | ||
| 100 | |a González Arellano, Alejandro, 1978- |9 3537 | ||
| 245 | |a Bases estabilizadas con cemento Portland Tipo I Normal y Tipo I MP y con diferentes energías de compactación | ||
| 260 | |a San José, Costa Rica |c 2001 | ||
| 300 | |a vii, 93 hojas : ilustraciones | ||
| 500 | |a Trabajo de graduación (licenciatura en ingeniería civil)--Universidad de Costa Rica. Facultad de Ingeniería. Escuela de Ingeniería Civil | ||
| 501 | |a Director de Trabajo de Graduación: Ing. Alejandro Navas Carro. M.Sc. | ||
| 650 | |x ANALISIS |x MATERIALES PARA CARRETERAS |x EMULSIONES ASFALTICAS |9 7733 | ||
| 700 | |a Navas Carro, Alejandro, 1967- |d Director del TFG |9 142 | ||
| 942 | |c TFG |h TFG 4342 |i 008772 |6 TFG_4342_008772000000000 | ||
| 999 | |c 18096 |d 18096 | ||
